Torschützenliste der Fußball-Bundesliga 2014-2015 - Statistiken

Allgemein
  • Dieses Quiz wurde 98 mal gespielt
  • Das Durchschnittsergebnis liegt bei 8 aus 10
Antwortstatistiken
Tore Nationalität Verein Spieler % Korrekt
17 Polen FC Bayern München Robert Lewandowski
99%
19 Deutschland Eintracht Frankfurt Alex Meier
95%
17 Niederlande FC Bayern München Arjen Robben
95%
16 Gabun Borussia Dortmund Pierre-Emerick Aubameyang
95%
13 Deutschland FC Bayern München Thomas Müller
92%
12 Brasilien Borussia Mönchengladbach Raffael
84%
16 Niederlande VfL Wolfsburg Bas Dost
62%
12 Japan 1. FSV Mainz 05 Shinji Okazaki
57%
13 Argentinien Werder Bremen Franco Di Santo
49%
12 Deutschland Bayer 04 Leverkusen Karim Bellarabi
38%
Keine übereinstimmenden Quizze gefunden
Verteilung der Resultate
Anzahl Personen mit jedem Resultat
Perzentil nach korrekt beantworteten Fragen
Ihre Resultats-Entwicklung
Sie haben dieses Quiz noch nicht gespielt